000 005560000a22002050004500
003 LK-CoMWRAF
008 230817t ||||| |||| 00| 0 eng d
040 _aLK-CoMWRAF
_dLK-CoMWRAF
_eLK-CoMWRAF
041 _aeng
082 _a910
_bJAM
100 _aJameel, S.H.M.
245 _aNinaivil Nalvar
_b
260 _bIslamic Book Publishing Centre
_aSri Lanka (Kalmunai)
_c1993
300 _ap.43
650 _aKalanidi Alhaj A.M.A.Azeez
650 _aKalanidi Alhaj T.B.Jayah
650 _aMuhammad Mackan Markar
650 _aSithilewvai
942 _cBK
999 _c1850
_d1850